Countries who’s capital contains the letter E - Statistics

General Stats
  • This quiz has been taken 49 times
  • The average score is 53 of 73
Answer Stats
Answer % Correct
Australia
94%
Germany
92%
China
89%
Greece
89%
Iceland
89%
India
89%
Israel
89%
Italy
89%
South Africa
89%
Argentina
86%
Mexico
86%
Netherlands
86%
New Zealand
86%
South Korea
86%
Switzerland
86%
Uruguay
86%
Algeria
83%
Denmark
83%
Iran
83%
Laos
83%
Romania
83%
Armenia
81%
Austria
81%
Cambodia
81%
Czechia
81%
Finland
81%
Guyana
81%
Hungary
81%
Singapore
81%
Costa Rica
78%
Croatia
78%
Lebanon
78%
Tajikistan
78%
Ukraine
78%
Belgium
75%
Guatemala
75%
Serbia
75%
Uzbekistan
75%
Andorra
72%
North Macedonia
72%
Honduras
69%
Malta
69%
Papua New Guinea
69%
Zimbabwe
69%
Bosnia and Herzegovina
67%
Brunei
67%
Burundi
67%
Cameroon
67%
Luxembourg
67%
Maldives
67%
Niger
67%
Sierra Leone
67%
Taiwan
67%
Barbados
64%
Chad
64%
Gabon
64%
Kyrgyzstan
64%
Sao Tome principe
64%
Sri Lanka
64%
Saint Kitts and Nevis
61%
Saint Lucia
61%
Belize
58%
Grenada
58%
Haiti
58%
Malawi
58%
Namibia
58%
Nauru
58%
Palau
53%
Botswana
50%
Dominica
50%
Lesotho
50%
Togo
50%
Republic of Congo
17%
No matching quizzes found
Score Distribution
Percent of People with Each Score
Percentile by Number Answered
Your Score History
You have not taken this quiz